000 00231nam a2200109Ia 4500
008 190216s9999||||xx |||||||||||||| ||und||
100 _aJoseph D
245 0 _aNotes In Costing
260 _bNull
_c1958
300 _a431p
942 _cBK
999 _c4734
_d4734